Villes les plus peuplées des Alpes-Maritimes 06 - Statistiques

Statistiques générales
  • Ce quiz a été pris 108 fois
  • Le résultat moyen est 9 sur 15
Statistiques - réponses
Population Ville % Correct
72 435 Cannes
100%
343 477 Nice
100%
74 709 Antibes
94%
30 679 Menton
92%
48 708 Grasse
81%
52 100 Cagnes-sur-Mer
77%
30 141 Saint-Laurent-du-Var
63%
42 125 Le Cannet
50%
21 772 Mandelieu-la-Napoule
47%
16 329 Villeneuve-Loubet
44%
19 315 Vence
43%
20 180 Mougins
37%
27 970 Vallauris
36%
13 162 Valbonne
31%
13 153 Beausoleil
17%
Aucun quiz correspondant
Distribution des résultats
% des personnes avec chaque résultat
Percentile par nombre de réponses
Votre historique - résultats
Vous n’avez pas pris ce quiz